| 000 | 00431nam a22001697a 4500 | ||
|---|---|---|---|
| 003 | CEME | ||
| 005 | 20210628202034.0 | ||
| 008 | 210107b xxu||||| |||| 00| 0 eng d | ||
| 020 | _a9789699532023 | ||
| 040 | _c. | ||
| 082 | _a294.5945 SAF | ||
| 100 |
_aDr Safdar Ali Shah, Syed Javaid A Kazi _92119 |
||
| 245 | _aThe hindu heritage of paksitan | ||
| 260 |
_aISLAMABAD _bTOPICAL _c2013 |
||
| 300 | _aIX, 121P | ||
| 942 |
_cBK _2ddc |
||
| 999 |
_c568237 _d568237 |
||